[Event "EU-chT (Women) 24th"]
[Site "Budva"]
[Date "2023.11.14"]
[Round "4.3"]
[White "Toma, Katarzyna"]
[Black "Levitan, Ronit"]
[Result "1/2-1/2"]
[WhiteElo "2193"]
[BlackElo "2109"]
[PlyCount "131"]
[EventDate "2023.11.11"]
[EventType "team-swiss"]
[EventRounds "9"]
[EventCountry "MNE"]
[SourceTitle "CB47_2023"]
[SourceDate "2023.11.22"]
[SourceVersion "1"]
[SourceVersionDate "2023.11.22"]
[SourceQuality "1"]
[WhiteTeam "England (W)"]
[BlackTeam "Israel (W)"]
[WhiteTeamCountry "ENG"]
[BlackTeamCountry "ISR"]

1. e4 e5 2. Nf3 Nc6 3. Bb5 a6 4. Bxc6 dxc6 5. 0-0 Qd6 6. Na3 b5 7. c3 c5 8. Nc2 Bb7 9. Re1 Ne7 10. d4 cxd4 11. cxd4 exd4 12. Ncxd4 c5 13. Nb3 Qxd1 14. Rxd1 Bxe4 15. Nxc5 Bxf3 16. gxf3 Ng6 17. Be3 Be7 18. a4 0-0 19. Nd7 Rfd8 20. Rd5 b4 21. Rad1 f6 22. b3 Kf7 23. Kf1 Ne5 24. Nxe5+ fxe5 25. Ke2 Ke6 26. Rxd8 Rxd8 27. Rc1 Ra8 28. Kd3 Kd5 29. Rc7 Bf8 30. Rb7 Kc6 31. Rb6+ Kd5 32. Bd2 Bc5 33. Rb7 Ra7 34. Rxa7 Bxa7 35. Bxb4 Bxf2 36. Bf8 g6 37. b4 Bg1 38. h3 Bf2 39. Bh6 Bb6 40. Bg5 Bc7 41. Be3 Bd6 42. b5 axb5 43. axb5 Bb8 44. Bb6 Bd6 45. Bd8 Kc5 46. b6 Kc6 47. Ke4 Bb8 48. h4 Bd6 49. Bf6 Kxb6 50. Kd5 Bc7 51. Bxe5 Bd8 52. Bg3 Kb5 53. Be1 Bb6 54. Bd2 Bf2 55. Bg5 Kb4 56. Ke6 Kc4 57. Kf7 Kd3 58. Kg7 Ke2 59. f4 Kf3 60. Kxh7 Bxh4 61. Kxg6 Bf2 62. f5 Bd4 63. Bf6 Bb6 64. Kf7 Kf4 65. Ke6 Ke4 66. Bc3 1/2-1/2

[Event "EU-chT (Women) 24th"]
[Site "Budva"]
[Date "2023.11.13"]
[Round "3.9"]
[White "Narva, Triin"]
[Black "Toma, Katarzyna"]
[Result "1/2-1/2"]
[WhiteElo "2093"]
[BlackElo "2193"]
[PlyCount "93"]
[EventDate "2023.11.11"]
[EventType "team-swiss"]
[EventRounds "9"]
[EventCountry "MNE"]
[SourceTitle "CB47_2023"]
[SourceDate "2023.11.22"]
[SourceVersion "1"]
[SourceVersionDate "2023.11.22"]
[SourceQuality "1"]
[WhiteTeam "Estonia (W)"]
[BlackTeam "England (W)"]
[WhiteTeamCountry "EST"]
[BlackTeamCountry "ENG"]

1. e4 c5 2. c3 Nf6 3. e5 Nd5 4. d4 cxd4 5. Nf3 g6 6. cxd4 Bg7 7. Bc4 Nb6 8. Bb3 Nc6 9. Be3 d6 10. Ng5 d5 11. f4 h6 12. Nf3 Bf5 13. Nc3 a6 14. Nh4 e6 15. Nxf5 gxf5 16. Qh5 Nc4 17. Bxc4 dxc4 18. d5 Nb4 19. dxe6 Nd3+ 20. Ke2 0-0 21. exf7+ Rxf7 22. Rad1 Qa5 23. Rxd3 cxd3+ 24. Kxd3 Rd8+ 25. Kc2 b5 26. Qg6 Rc8 27. Qe6 Qc7 28. Kb1 Kh8 29. Rc1 Qb7 30. Nd5 Rxc1+ 31. Bxc1 Rd7 32. Nf6 Bxf6 33. Qxf6+ Rg7 34. Qf8+ Kh7 35. Qxf5+ Kh8 36. Qf8+ Kh7 37. Qf5+ Kh8 38. g4 Rc7 39. Qf8+ Kh7 40. Qf5+ Kh8 41. Qg6 Qd5 42. Qxh6+ Kg8 43. Qg6+ Kh8 44. Qh6+ Kg8 45. Qg6+ Kh8 46. Qh6+ Kg8 47. Qg6+ 1/2-1/2

[Event "POL-chT 1st League"]
[Site "Leba"]
[Date "2023.09.26"]
[Round "4.4"]
[White "Smietanska, Wiktoria"]
[Black "Toma, Katarzyna"]
[Result "0-1"]
[WhiteElo "2071"]
[BlackElo "2224"]
[PlyCount "92"]
[EventDate "2023.09.23"]
[EventType "team-swiss"]
[EventRounds "9"]
[EventCountry "POL"]
[SourceTitle "EXT 2024"]
[Source "ChessBase"]
[SourceDate "2023.10.10"]
[SourceVersion "1"]
[SourceVersionDate "2023.10.10"]
[SourceQuality "1"]
[WhiteTeam "Wroclaw Polonia"]
[BlackTeam "Czestochowa Hetman"]
[WhiteTeamCountry "POL"]
[BlackTeamCountry "POL"]

1. d4 Nf6 2. c4 e6 3. Nf3 c5 4. Nc3 cxd4 5. Nxd4 a6 6. Bg5 Be7 7. e3 0-0 8. Bd3 Nc6 9. Bc2 Qa5 10. Nxc6 dxc6 11. Bh4 Rd8 12. Qe2 e5 13. h3 Be6 14. 0-0 Qb4 15. Ne4 Qxc4 16. Nxf6+ Bxf6 17. Qxc4 Bxc4 18. Bxf6 gxf6 19. Rfd1 Be2 20. Rxd8+ Rxd8 21. Rc1 a5 22. Bf5 Rd2 23. Rc2 Rxc2 24. Bxc2 h6 25. f3 Bc4 26. b3 Be6 27. Kf2 Kf8 28. Kg3 b5 29. Kf2 Ke7 30. Ke2 c5 31. Kd2 c4 32. Kc3 b4+ 33. Kd2 c3+ 34. Ke2 f5 35. Kf2 f4 36. e4 Kd6 37. Ke2 Kc5 38. Bd3 Bd7 39. Bc2 Bb5+ 40. Kf2 Kd4 41. Ke1 Bd3 42. Kd1 Bxc2+ 43. Kxc2 Ke3 44. a3 Kf2 45. axb4 axb4 46. Kd3 Kxg2 0-1

[Event "GBR-ch 109th"]
[Site "Leicester"]
[Date "2023.07.28"]
[Round "7"]
[White "Toma, Katarzyna"]
[Black "Han, Yichen"]
[Result "0-1"]
[WhiteElo "2259"]
[BlackElo "2413"]
[PlyCount "76"]
[EventDate "2023.07.22"]
[EventType "swiss"]
[EventRounds "9"]
[EventCountry "ENG"]
[SourceTitle "CBM 215 Extra"]
[Source "ChessBase"]
[SourceDate "2023.09.30"]
[SourceVersion "1"]
[SourceVersionDate "2023.09.30"]
[SourceQuality "1"]

1. e4 c5 2. Nf3 e6 3. d3 Nc6 4. g3 Nf6 5. Bg2 Be7 6. 0-0 d5 7. Nbd2 0-0 8. Re1 Qc7 9. e5 Nd7 10. Qe2 b5 11. h4 Bb7 12. h5 Rfc8 13. h6 g6 14. c3 a5 15. Nf1 b4 16. N1h2 a4 17. a3 bxa3 18. bxa3 Ba6 19. Ng4 Rab8 20. Ng5 Qd8 21. Nh3 Nf8 22. Bf4 Rb3 23. Qd2 Rcb8 24. Bg5 Nd7 25. Bf1 Qf8 26. Bxe7 Nxe7 27. c4 Bb7 28. Bg2 Nf5 29. cxd5 Bxd5 30. Bxd5 exd5 31. Ng5 Nd4 32. Ra2 f6 33. exf6 Nxf6 34. Ne5 Qxh6 35. Qf4 Rb1 36. Nef3 Rxe1+ 37. Nxe1 Rb1 38. Qd2 Qxg5 0-1

[Event "GBR-ch 109th"]
[Site "Leicester"]
[Date "2023.07.24"]
[Round "3"]
[White "Toma, Katarzyna"]
[Black "Tanmay, Chopra"]
[Result "1/2-1/2"]
[WhiteElo "2259"]
[BlackElo "2377"]
[PlyCount "58"]
[EventDate "2023.07.22"]
[EventType "swiss"]
[EventRounds "9"]
[EventCountry "ENG"]
[SourceTitle "CBM 215 Extra"]
[Source "ChessBase"]
[SourceDate "2023.09.30"]
[SourceVersion "1"]
[SourceVersionDate "2023.09.30"]
[SourceQuality "1"]

1. e4 e5 2. Nf3 Nc6 3. d4 exd4 4. Nxd4 Qf6 5. Nxc6 Bc5 6. Qf3 Qxf3 7. gxf3 bxc6 8. Nc3 Ne7 9. Bc4 Bd4 10. Be3 Bxc3+ 11. bxc3 d6 12. Rg1 0-0 13. h4 Be6 14. Be2 f5 15. Bd4 Rf7 16. c4 c5 17. Bb2 Ng6 18. h5 Nf4 19. h6 Nxe2 20. Kxe2 Bxc4+ 21. Kd2 g6 22. e5 Rd8 23. Kc3 Be2 24. f4 dxe5 25. Rae1 Bf3 26. Rxe5 Rd4 27. Rge1 Bd5 28. Re8+ Rf8 29. R8e7 Bf7 1/2-1/2

[Event "Titled Tuesday intern op 25th Apr Late"]
[Site "Chess.com INT"]
[Date "2023.04.25"]
[Round "10"]
[White "Quirke, Jeffrey"]
[Black "Toma, Katarzyna"]
[Result "0-1"]
[WhiteElo "2007"]
[BlackElo "2254"]
[PlyCount "88"]
[EventDate "2023.04.25"]
[EventType "swiss (blitz)"]
[EventRounds "11"]
[EventCountry "USA"]
[SourceTitle "EXT 2024"]
[Source "ChessBase"]
[SourceDate "2023.10.10"]
[SourceVersion "1"]
[SourceVersionDate "2023.10.10"]
[SourceQuality "1"]

1. e4 e5 2. Nf3 d6 3. d4 Nc6 4. dxe5 dxe5 5. Qxd8+ Kxd8 6. Nc3 f6 7. Be3 Bb4 8. 0-0-0+ Bd7 9. Nd5 Bd6 10. h4 Nge7 11. c4 Nxd5 12. cxd5 Ne7 13. h5 a5 14. Nh4 b6 15. Be2 Kc8 16. g4 Kb7 17. Nf5 g6 18. Nxd6+ cxd6 19. h6 g5 20. Kb1 Rac8 21. f3 Rhg8 22. Rc1 Rxc1+ 23. Rxc1 Rg6 24. Rc3 Rxh6 25. Rb3 Rh1+ 26. Kc2 Ba4 27. Kd2 Bxb3 28. axb3 h5 29. gxh5 Rxh5 30. Bb5 Rh2+ 31. Be2 Ng6 32. Ke1 Nh4 33. Bg1 Rh1 34. Kf2 Ng6 35. Kg2 Rh8 36. Kf2 Nf4 37. Bb5 Rc8 38. Bc6+ Kc7 39. Ke3 Rh8 40. Bf2 Rh1 41. Bg3 Rb1 42. Bxf4 gxf4+ 43. Kd3 Rxb2 44. Kc3 Rf2 0-1

[Event "Titled Tuesday intern op 25th Apr Late"]
[Site "Chess.com INT"]
[Date "2023.04.25"]
[Round "8"]
[White "Rosenberg, Evan"]
[Black "Toma, Katarzyna"]
[Result "1-0"]
[WhiteElo "1956"]
[BlackElo "2254"]
[PlyCount "99"]
[EventDate "2023.04.25"]
[EventType "swiss (blitz)"]
[EventRounds "11"]
[EventCountry "USA"]
[SourceTitle "EXT 2024"]
[Source "ChessBase"]
[SourceDate "2023.10.10"]
[SourceVersion "1"]
[SourceVersionDate "2023.10.10"]
[SourceQuality "1"]

1. d4 d5 2. Nf3 Nf6 3. c4 e6 4. g3 c6 5. Bg2 Be7 6. 0-0 0-0 7. Nc3 Nbd7 8. Qd3 dxc4 9. Qxc4 Nb6 10. Qd3 Nbd5 11. e4 Nxc3 12. bxc3 c5 13. e5 Nd5 14. h4 h5 15. Bg5 cxd4 16. cxd4 Bd7 17. Bxe7 Qxe7 18. Ng5 g6 19. Bxd5 exd5 20. Rac1 Bf5 21. Qe3 Rac8 22. f3 Rc7 23. Rxc7 Qxc7 24. Rc1 Qa5 25. a3 Rc8 26. e6 Rxc1+ 27. Qxc1 Bxe6 28. Nxe6 fxe6 29. Qc8+ Kf7 30. Qxb7+ Kf6 31. Qb4 Qxb4 32. axb4 e5 33. dxe5+ Kxe5 34. Kf2 Kd4 35. g4 Kc3 36. f4 d4 37. f5 gxf5 38. gxh5 d3 39. h6 d2 40. h7 d1Q 41. h8Q+ Kxb4 42. Qb8+ Kc5 43. Qxa7+ Kc4 44. Qc7+ Kb5 45. Qe5+ Ka4 46. Qf4+ Kb3 47. Qf3+ Qxf3+ 48. Kxf3 Kc4 49. Kf4 Kd5 50. Kxf5 1-0

[Event "Titled Tuesday intern op 25th Apr Late"]
[Site "Chess.com INT"]
[Date "2023.04.25"]
[Round "7"]
[White "Toma, Katarzyna"]
[Black "Tabak, Stefan"]
[Result "1/2-1/2"]
[WhiteElo "2254"]
[BlackElo "2155"]
[PlyCount "105"]
[EventDate "2023.04.25"]
[EventType "swiss (blitz)"]
[EventRounds "11"]
[EventCountry "USA"]
[SourceTitle "EXT 2024"]
[Source "ChessBase"]
[SourceDate "2023.10.10"]
[SourceVersion "1"]
[SourceVersionDate "2023.10.10"]
[SourceQuality "1"]

1. e4 c5 2. Nc3 Nc6 3. g3 g6 4. Bg2 Bg7 5. d3 e5 6. Nge2 Nge7 7. 0-0 0-0 8. Nd5 d6 9. Nec3 Nxd5 10. Nxd5 Ne7 11. Bg5 f6 12. Bd2 Nxd5 13. exd5 b5 14. a4 b4 15. c3 a5 16. c4 Bf5 17. Be4 Qd7 18. Bxf5 Qxf5 19. Qe2 Rae8 20. f3 Qd7 21. b3 f5 22. Rae1 Qf7 23. Qg2 Kh8 24. Kh1 Qd7 25. Re2 Re7 26. Rfe1 Bf6 27. f4 Rfe8 28. fxe5 Rxe5 29. Bf4 Rxe2 30. Rxe2 Be5 31. Bg5 Kg7 32. Qf1 Rf8 33. Qe1 Rf7 34. Bf4 Bxf4 35. gxf4 Qd8 36. Re8 Qf6 37. Re6 Qd4 38. Qe3 Qa1+ 39. Kg2 Qb2+ 40. Kg3 Qxb3 41. Rxd6 Qxa4 42. Qe5+ Kh6 43. Re6 Qd1 44. d6 Qg1+ 45. Kf3 Qf1+ 46. Ke3 Qe1+ 47. Kf3 Qf1+ 48. Kg3 a4 49. Re7 Qg1+ 50. Kf3 Qf1+ 51. Kg3 Qg1+ 52. Kf3 Qf1+ 53. Kg3 1/2-1/2

[Event "Titled Tuesday intern op 28th Mar Late"]
[Site "Chess.com INT"]
[Date "2023.03.28"]
[Round "3"]
[White "Fernandez Siles, Luis"]
[Black "Toma, Katarzyna"]
[Result "0-1"]
[WhiteElo "2210"]
[BlackElo "2245"]
[PlyCount "74"]
[EventDate "2023.03.28"]
[EventType "swiss (blitz)"]
[EventRounds "11"]
[EventCountry "USA"]
[SourceTitle "EXT 2024"]
[Source "ChessBase"]
[SourceDate "2023.10.10"]
[SourceVersion "1"]
[SourceVersionDate "2023.10.10"]
[SourceQuality "1"]

1. d4 d5 2. c4 e6 3. Nc3 Nf6 4. cxd5 exd5 5. Bg5 c6 6. e3 Be7 7. Qc2 Nbd7 8. Bd3 Nf8 9. Nf3 Ne6 10. Bh4 h6 11. 0-0 g5 12. Bg3 h5 13. Be5 g4 14. Nd2 Ng5 15. e4 Rg8 16. Bxf6 Bxf6 17. exd5 cxd5 18. Bb5+ Kf8 19. Rfe1 Be6 20. Qd3 h4 21. Nf1 h3 22. Ng3 hxg2 23. Re3 Nh3+ 24. Kxg2 Nf4+ 25. Kg1 Nxd3 26. Bxd3 Rh8 27. Rae1 Bxd4 28. R3e2 Qh4 29. Nf1 Qh3 30. Bc2 Rc8 31. Re3 Bxe3 32. Rxe3 Qh4 33. Rd3 Rd8 34. Ne2 Rc8 35. Neg3 Rxc2 36. Ne3 Qxh2+ 37. Kf1 Qxf2# 0-1

[Event "Titled Tuesday intern op 28th Mar Late"]
[Site "Chess.com INT"]
[Date "2023.03.28"]
[Round "2"]
[White "Melikhov, Evgeny V"]
[Black "Toma, Katarzyna"]
[Result "1-0"]
[WhiteElo "2269"]
[BlackElo "2245"]
[PlyCount "59"]
[EventDate "2023.03.28"]
[EventType "swiss (blitz)"]
[EventRounds "11"]
[EventCountry "USA"]
[SourceTitle "EXT 2024"]
[Source "ChessBase"]
[SourceDate "2023.10.10"]
[SourceVersion "1"]
[SourceVersionDate "2023.10.10"]
[SourceQuality "1"]

1. d4 Nf6 2. c4 g6 3. Nc3 d5 4. cxd5 Nxd5 5. e4 Nxc3 6. bxc3 Bg7 7. Bc4 c5 8. Ne2 Nc6 9. Be3 0-0 10. h4 Qc7 11. Rc1 Rd8 12. h5 Ne5 13. Bb3 Ng4 14. Bf4 Qa5 15. h6 Bh8 16. f3 Ne5 17. 0-0 c4 18. Bc2 Nc6 19. Qd2 e5 20. Bg5 f6 21. Be3 Be6 22. d5 Bf7 23. Rb1 b6 24. Rb2 Qa6 25. Rfb1 Na5 26. Rb5 Nb7 27. R5b4 Nd6 28. Ra4 Qb7 29. Rab4 Rac8 30. a4 1-0

[Event "EU-ch Cities&Town (Women) op"]
[Site "Tornelo INT"]
[Date "2023.01.29"]
[Round "?"]
[White "Toma, Katarzyna"]
[Black "Varveraki, Argiri"]
[Result "1-0"]
[WhiteElo "2232"]
[BlackElo "1404"]
[PlyCount "83"]
[EventDate "2023.01.29"]
[EventType "team-swiss"]
[EventRounds "9"]
[EventCountry "NET"]
[SourceTitle "CBM 212 Extra"]
[Source "ChessBase"]
[SourceDate "2023.03.31"]
[SourceVersion "1"]
[SourceVersionDate "2023.03.31"]
[SourceQuality "1"]
[WhiteTeam "London (W)"]
[BlackTeam "Heraklion (W)"]
[WhiteTeamCountry "ENG"]
[BlackTeamCountry "GRE"]

1. e4 c5 2. Nf3 e6 3. d4 cxd4 4. Nxd4 a6 5. Bd3 b5 6. 0-0 Nf6 7. a4 b4 8. c3 Qc7 9. Bg5 Bb7 10. Re1 d6 11. cxb4 Be7 12. Nc3 0-0 13. b5 Qb6 14. Be3 Qd8 15. b6 Nbd7 16. a5 Nc5 17. f3 Rc8 18. Be2 Nfd7 19. b4 Nxe4 20. Nxe4 d5 21. Nc5 Nxc5 22. bxc5 Bxc5 23. Bd3 Bb4 24. Re2 e5 25. Nf5 d4 26. Bd2 Bc3 27. Bxc3 Rxc3 28. Rxe5 Qf6 29. Re2 g6 30. Ng3 Rfc8 31. Ne4 Bxe4 32. Rxe4 Qc6 33. h3 f5 34. Re1 Qc5 35. Qe2 Qc6 36. Rad1 Rc5 37. Qe6+ Qxe6 38. Rxe6 Rxa5 39. b7 Rb8 40. Rxa6 Rxa6 41. Bxa6 Rd8 42. Rxd4 1-0

[Event "EU-ch Rapid"]
[Site "Katowice"]
[Date "2022.12.18"]
[Round "7"]
[White "Alonso Rosell, Alvar"]
[Black "Toma, Katarzyna"]
[Result "1-0"]
[WhiteElo "2561"]
[BlackElo "2232"]
[PlyCount "49"]
[EventDate "2022.12.17"]
[EventType "swiss (rapid)"]
[EventRounds "11"]
[EventCountry "POL"]
[SourceTitle "CBM 211 Extra"]
[Source "ChessBase"]
[SourceDate "2023.01.31"]
[SourceVersion "1"]
[SourceVersionDate "2023.01.31"]
[SourceQuality "1"]

1. d4 Nf6 2. c4 g6 3. Nf3 Bg7 4. g3 0-0 5. Bg2 d5 6. cxd5 Nxd5 7. 0-0 Nb6 8. Nc3 Nc6 9. e3 Re8 10. h3 h6 11. Qe2 e5 12. Nxe5 Nxe5 13. dxe5 Bxe5 14. e4 Bg7 15. f4 Be6 16. Qf2 c6 17. Be3 Nc4 18. Rfd1 Qa5 19. Bd4 Bxd4 20. Rxd4 Rad8 21. f5 gxf5 22. exf5 Qxf5 23. Qxf5 Bxf5 24. Rxc4 Rd2 25. Rf4 1-0

[Event "EU-ch Rapid"]
[Site "Katowice"]
[Date "2022.12.18"]
[Round "8"]
[White "Toma, Katarzyna"]
[Black "Wieczorek, Oskar"]
[Result "0-1"]
[WhiteElo "2232"]
[BlackElo "2504"]
[PlyCount "76"]
[EventDate "2022.12.17"]
[EventType "swiss (rapid)"]
[EventRounds "11"]
[EventCountry "POL"]
[SourceTitle "CBM 211 Extra"]
[Source "ChessBase"]
[SourceDate "2023.01.31"]
[SourceVersion "1"]
[SourceVersionDate "2023.01.31"]
[SourceQuality "1"]

1. e4 c5 2. Nf3 e6 3. d4 cxd4 4. Nxd4 Nf6 5. Bd3 Nc6 6. Nxc6 bxc6 7. Nc3 d5 8. 0-0 Be7 9. b3 0-0 10. Bb2 c5 11. Qe2 Rb8 12. e5 Nd7 13. Nd1 c4 14. bxc4 dxc4 15. Bxc4 Qc7 16. Bd3 Nc5 17. Ba3 Nxd3 18. Bxe7 Qxe7 19. Qxd3 Rd8 20. Qg3 Ba6 21. Re1 Rd2 22. Ne3 Rbd8 23. h4 Qc5 24. h5 h6 25. Rab1 R2d4 26. Kh2 Kh8 27. Rbd1 Rxd1 28. Rxd1 Rxd1 29. Nxd1 Qxc2 30. Nc3 Qf5 31. Kg1 Bb7 32. Qe3 Qg4 33. f3 Qc4 34. Kf2 Bc6 35. g4 a5 36. Kg3 a4 37. Qd2 Qf1 38. Kf4 Qxf3# 0-1

[Event "EU-Cup (Women) 26th"]
[Site "Mayrhofen"]
[Date "2022.10.05"]
[Round "3.4"]
[White "Thomas, Apolline"]
[Black "Toma, Katarzyna"]
[Result "1/2-1/2"]
[WhiteElo "1942"]
[BlackElo "2249"]
[PlyCount "124"]
[EventDate "2022.10.03"]
[EventType "team-swiss"]
[EventRounds "7"]
[EventCountry "AUT"]
[SourceTitle "CBM 210 Extra"]
[Source "ChessBase"]
[SourceDate "2022.11.30"]
[SourceVersion "1"]
[SourceVersionDate "2022.11.30"]
[SourceQuality "1"]
[WhiteTeam "Mulhouse Philidor (W)"]
[BlackTeam "Wood Green (W)"]
[WhiteTeamCountry "FRA"]
[BlackTeamCountry "ENG"]

1. e4 c5 2. Nc3 Nc6 3. Bb5 Nd4 4. Bc4 a6 5. a4 e6 6. Nge2 Nf6 7. 0-0 Nxe4 8. Nxe4 d5 9. d3 dxc4 10. dxc4 Be7 11. Be3 e5 12. f3 0-0 13. N2c3 Be6 14. Nd5 Bxd5 15. cxd5 Qxd5 16. c3 Qb3 17. Bxd4 Qxd1 18. Raxd1 cxd4 19. cxd4 f5 20. Nf2 exd4 21. Rxd4 Rad8 22. Rxd8 Rxd8 23. Rd1 Kf7 24. Rxd8 Bxd8 25. Kf1 Ke6 26. Ke2 Kd5 27. Kd3 Bc7 28. g3 h6 29. Nd1 Bb6 30. Nc3+ Kc5 31. b3 g6 32. g4 Bd8 33. Ne2 fxg4 34. fxg4 Bc7 35. h3 Kd5 36. Nd4 Ke5 37. Ne2 Bb6 38. b4 Bf2 39. b5 axb5 40. axb5 b6 41. Nc3 Kf4 42. Nd5+ Kg3 43. Ke4 Bc5 44. Nf4 g5 45. Ne6 Bg1 46. Kf5 Kxh3 47. Nd8 Bc5 48. Nf7 Bf8 49. Ne5 Bg7 50. Nf7 Kg3 51. Kg6 Bf8 52. Ne5 Bd6 53. Nf7 Bf8 54. Ne5 Bb4 55. Kxh6 Bc3 56. Nd7 Kxg4 57. Nxb6 Kh4 58. Nd5 Bd4 59. b6 g4 60. b7 Ba7 61. Ne7 Kh3 62. Nf5 g3 1/2-1/2